Forecasting geographical variations in high street retail rents (Record no. 60061)
[ view plain ]
| 000 -LEADER | |
|---|---|
| fixed length control field | 00795cam a2200241 4500 |
| 001 - CONTROL NUMBER | |
| control field | ABS61353 |
| 008 - FIXED-LENGTH DATA ELEMENTS--GENERAL INFORMATION | |
| fixed length control field | 000000n1999 000 0 eng u |
| 035 ## - SYSTEM CONTROL NUMBER | |
| System control number | (Sirsi) u100368 |
| 100 ## - MAIN ENTRY--PERSONAL NAME | |
| Personal name | Pieroni, C |
| 245 ## - TITLE STATEMENT | |
| Title | Forecasting geographical variations in high street retail rents |
| 260 ## - PUBLICATION, DISTRIBUTION, ETC. | |
| Date of publication, distribution, etc. | 1999 |
| 490 ## - SERIES STATEMENT | |
| Series statement | Property Forecast |
| Volume/sequential designation | 2(10) October 1999, 6-7(2) |
| 520 ## - SUMMARY, ETC. | |
| Summary, etc. | Examines the variations which exist in the geographical pattern of retail rents across the UK, and develops a model to forecast changes in retail rents. Tables. Graph. |
| 590 ## - LOCAL NOTE (RLIN) | |
| Local note | ABS |
| 650 ## - SUBJECT ADDED ENTRY--TOPICAL TERM | |
| Topical term or geographic name entry element | RETAIL RENTS |
| 650 ## - SUBJECT ADDED ENTRY--TOPICAL TERM | |
| Topical term or geographic name entry element | GROWTH |
| 650 ## - SUBJECT ADDED ENTRY--TOPICAL TERM | |
| Topical term or geographic name entry element | UNITED KINGDOM |
| 650 ## - SUBJECT ADDED ENTRY--TOPICAL TERM | |
| Topical term or geographic name entry element | VARIATIONS |
| 690 ## - LOCAL SUBJECT ADDED ENTRY--TOPICAL TERM (OCLC, RLIN) | |
| Topical term or geographic name as entry element | PROPERTY-COMMERCIAL PROPERTY-RETAIL PROPERTY |
| 700 ## - ADDED ENTRY--PERSONAL NAME | |
| Personal name | Rhodes, J |
| 700 ## - ADDED ENTRY--PERSONAL NAME | |
| Personal name | Tyler, P |
| 942 ## - ADDED ENTRY ELEMENTS (KOHA) | |
| Suppress in OPAC | 0 |
| Withdrawn status | Lost status | Source of classification or shelving scheme | Damaged status | Not for loan | Home library | Current library | Shelving location | Date acquired | Total Checkouts | Full call number | Barcode | Date last seen | Copy number | Price effective from | Koha item type |
|---|---|---|---|---|---|---|---|---|---|---|---|---|---|---|---|
| Dewey Decimal Classification | London | London | Journal article | 12/10/1999 | ABS61353 | 100368-1001 | 06/08/2019 | 1 | 06/08/2019 | Journal article |